MARC

LEADER 00000nam0a2200000 4500
001 138848
005 20231031141548.0
010 |a 577750129X 
020 |a RU  |b 90-50620 
035 |a (RuTPU)RU\TPU\book\150428 
090 |a 138848 
100 |a 20080530d1990 m y0rusy5003 ca 
101 0 |a rus 
102 |a UA 
105 |a a z 000ay 
200 1 |a Жизнь и смерть  |e Роман  |f Ф. Д. Залата  |g худож. А. В. Пестов ; Л. А. Пестова 
210 |a Днепропетровск  |c Проминь  |d 1990 
215 |a 320 с.  |c ил.  |d 20 см 
610 1 |a Великая Отечественная война 1941-1945 гг. 
610 1 |a романы 
675 |a Р2  |z rus 
700 1 |a Залата  |b Ф. Д.  |g Федор Дмитриевич  |4 070 
702 1 |a Пестов  |b А. В.  |4 440 
702 1 |a Пестова  |b Л. А.  |4 440 
801 0 |a RU  |b RuMRKP  |c 19950417  |g psbo 
801 1 |a RU  |b 63413507  |c 20080530  |g PSBO 
801 2 |a RU  |b 63413507  |c 20140221  |g PSBO 
942 |c BK